Movies Missing 'D' Words Quiz Stats

 Plays Quiz Updated Apr 13, 2019

Score 0/18 Timer 03:00
4 Plays Today
Hint Answer % Correct
Dumber
98.8%
Driver
96.3%
Dolittle
94.4%
Daisy
93.8%
Dogs
93.6%
Dazed
91.7%
Daddy
91.6%
Dragon
91.4%
Dirty
91.2%
Hint Answer % Correct
Dallas
89.2%
Darko
87.2%
Dozen
85.5%
Diamond
80.4%
District
76.8%
Dredd
74.4%
Duck
68.6%
Darkness
59.1%
Desert
53.4%

You're not logged in!

Compare scores with friends on all Sporcle quizzes.
OR
Log In

Sporcle TV

Today on Sporcle TV


Watch our educational content, quiz creation guides, and fun videos on Sporcle TV.

Show Comments

Extras

Top Quizzes Today


Score Distribution

Your Account Isn't Verified!

In order to create a playlist on Sporcle, you need to verify the email address you used during registration. Go to your Sporcle Settings to finish the process.

Report this User

Report this user for behavior that violates our Community Guidelines.

Details: